Biggest Cities in California - Statistics

General Stats
  • This quiz has been taken 140,511 times
    47,396 since last reset
  • The average score is 11 of 20
Answers on the Map
Answers color-coded by a green-red scale on the quiz's map according to % correct below.
 
Answer Stats
Population City % Correct
3,820,914 Los Angeles
100%
808,988 San Francisco
97%
1,388,320 San Diego
94%
526,384 Sacramento
89%
969,655 San Jose
82%
436,504 Oakland
73%
545,716 Fresno
65%
340,512 Anaheim
57%
413,381 Bakersfield
57%
449,468 Long Beach
55%
223,728 San Bernardino
47%
318,858 Riverside
46%
319,543 Stockton
39%
314,621 Irvine
37%
310,539 Santa Ana
36%
274,333 Chula Vista
30%
218,915 Modesto
29%
226,208 Fremont
26%
224,028 Santa Clarita
25%
215,465 Fontana
13%
No matching quizzes found
Score Distribution
Percent of People with Each Score
Percentile by Number Answered
Your Score History
You have not taken this quiz since the last reset